| 000 | 00367nam a2200145Ia 4500 | ||
|---|---|---|---|
| 008 | 230917s9999||||xx |||||||||||||| ||und|| | ||
| 040 |
_e203455 _aMAIN |
||
| 041 | _aEnglish | ||
| 082 | _a320.50954 S64B | ||
| 100 | _aJayapalan, N | ||
| 245 | 0 | _aIndian political thinkers | |
| 260 |
_aNew Delhi _bDiscovery Publishing House _c2007 |
||
| 300 | _a275 p. | ||
| 942 | _cBK | ||
| 999 |
_c139819 _d139819 |
||